Movies Quiz

Random Movies Quiz

Muppets Most Wanted Lyrics: Plot Suggestions Quiz Stats

 Plays Quiz not verified by Sporcle

Challenge
Share
Tweet
Embed
Score 0/170 Timer 10:00
0 Plays Today
% Correct
a
83.3%
a
83.3%
a
83.3%
a
83.3%
a
83.3%
A
83.3%
a
83.3%
a
83.3%
a
83.3%
a
83.3%
a
83.3%
a
83.3%
I
79.2%
we
75%
we
75%
the
72.9%
the
72.9%
the
72.9%
the
72.9%
is
70.8%
and
70.8%
to
70.8%
and
70.8%
to
70.8%
And
70.8%
to
70.8%
And
70.8%
and
70.8%
to
70.8%
an
68.8%
it
68.8%
an
68.8%
How
66.7%
How
66.7%
go
66.7%
how
66.7%
go
66.7%
All
64.6%
you
64.6%
you
64.6%
all
64.6%
have
62.5%
about
62.5%
about
62.5%
about
62.5%
that
62.5%
about
62.5%
have
62.5%
about
62.5%
get
62.5%
about
62.5%
have
62.5%
That
62.5%
about
62.5%
on
62.5%
need
60.4%
now
60.4%
% Correct
Muppets
60.4%
Muppets
60.4%
plot
58.3%
love
58.3%
with
58.3%
It's
58.3%
It's
58.3%
who
58.3%
pig
58.3%
LOT
58.3%
don't
58.3%
don't
58.3%
It's
58.3%
he
58.3%
he
58.3%
he
58.3%
with
58.3%
Kermit
58.3%
story
56.3%
beautiful
56.3%
other
56.3%
together
56.3%
stop
56.3%
old
56.3%
frog
56.3%
beautiful
56.3%
other
56.3%
think
56.3%
movie
56.3%
where
56.3%
make
56.3%
movie
56.3%
world
56.3%
oil
54.2%
from
54.2%
did
54.2%
our
54.2%
kiss
54.2%
each
54.2%
tour
54.2%
That's
54.2%
half
52.1%
decent
52.1%
Got
52.1%
purple
52.1%
thing
52.1%
chicken
52.1%
again
52.1%
evil
52.1%
studio
52.1%
watch
52.1%
watch
52.1%
back
50%
Fozzie
50%
even
50%
last
50%
film
50%
% Correct
of
50%
of
50%
so
50%
perfect
50%
they
50%
dog
50%
should
50%
Perfect.
50%
epic
47.9%
nosed
47.9%
Gonzo
47.9%
Wind.
47.9%
any
47.9%
ideas
47.9%
getting
47.9%
baron
47.9%
fish
47.9%
marries
47.9%
Americans
47.9%
subtitled
47.9%
home
47.9%
early
47.9%
has
47.9%
live
47.9%
long
45.8%
Does
45.8%
out
45.8%
films
45.8%
little
45.8%
dark
45.8%
between
43.8%
anyone
43.8%
demolishing
43.8%
water
43.8%
lonely
43.8%
sees
43.8%
something
43.8%
never
43.8%
seen
43.8%
secret
43.8%
one
41.7%
not
41.7%
one
41.7%
terrible
41.7%
Rowlf
41.7%
very
39.6%
handsome
39.6%
movies
39.6%
I'm
39.6%
sounds
39.6%
those
37.5%
sure
35.4%
Lew
35.4%
night
35.4%
Good
31.3%
Grief
29.2%

You're not logged in!

Compare scores with friends on all Sporcle quizzes.
Join for Free
OR
Log In

You Might Also Like...

Show Comments

Extras

Top Quizzes Today


Score Distribution

Your Account Isn't Verified!

In order to create a playlist on Sporcle, you need to verify the email address you used during registration. Go to your Sporcle Settings to finish the process.

Report this User

Report this user for behavior that violates our Community Guidelines.

Details: